Pays avec le plus de variétés de fromages - Statistiques

Statistiques générales
  • Ce quiz a été pris 63 fois
  • Le résultat moyen est 6 sur 7
Statistiques - réponses
Hint Réponse % Correct
1 200 + France
100%
150 Espagne
97%
600 Italie
97%
150 Allemagne
94%
700 Suisse
92%
750 Royaume-Uni
85%
100 Grèce
58%
Aucun quiz correspondant
Distribution des résultats
% des personnes avec chaque résultat
Percentile par nombre de réponses
Votre historique - résultats
Vous n’avez pas pris ce quiz